LIBRARY & INFORMATION CENTRE, KCAET, TAVANUR

ONLINE PUBLIC ACCESS CATALOGUE (OPAC)

Development and testing of a cassava peeler (Record no. 15092)

MARC details
000 -LEADER
fixed length control field 00644nam a22001937a 4500
003 - CONTROL NUMBER IDENTIFIER
control field OSt
088 ## - REPORT NUMBER
Report number P 97
100 ## - MAIN ENTRY--AUTHOR NAME
Personal name DWIJA L. R
100 ## - MAIN ENTRY--AUTHOR NAME
Personal name GISHA G. NAIR
100 ## - MAIN ENTRY--AUTHOR NAME
Personal name RAJESH P. D
245 ## - TITLE STATEMENT
Title Development and testing of a cassava peeler
260 ## - PUBLICATION, DISTRIBUTION, ETC. (IMPRINT)
Place of publication Tavanur 2000
Name of publisher Kelappaji College of Agricultural Engineering and Technology
300 ## - PHYSICAL DESCRIPTION
Number of Pages 44
500 ## - GENERAL NOTE
General note Development and testing of a cassava peeler
520 ## - SUMMARY, ETC.
Summary, etc tuber crops carbohydrates cassava is the most utilized yuber crop as food, feed and industrial raw material
700 ## - ADDED ENTRY--PERSONAL NAME
Personal name Er. Prince M. V (Guide)
942 ## - ADDED ENTRY ELEMENTS (KOHA)
Koha item type Project Report
Holdings
Collection code Home library Current library Shelving location Full call number Accession Number Koha item type
Reference KAUAET KAUAET Reference 631.56 DWI/DE P 97 Project Report
free website counter